000 00606nam a2200217Ia 4500
005 20250425162516.0
008 250425s9999 xx 000 0 und d
041 _aspa
082 _a658.421
100 _aCORNELLA, ALFONS
245 0 _aCURSO DE CREATIVIDAD E INNOVACION EMPRESARIAL: EL MUNDO DE LAS IDEAS Y EL MUNDO DEL DINERO
250 _a1A ED.
260 _aEstados Unidos
_bINFONOMIA
_c2011
260 _aS.L.
300 _a30
500 _aCÓMO CONECTAR EL TALENTO CON LOS RECURSOS
650 _aADMINISTRACION DE EMPRESAS
650 _aINNOVACIONES
942 _c01
010 _a80105
999 _c230662
_d230662